000 00613nam a2200205Ia 4500
005 20250508154035.0
008 008 250505s9999 xx 000 0 eng d
037 _aTextual
040 _aFEDL
_beng
_cFEDL
041 _aeng
_2eng
084 _a370.15, CAR
_qFEDL
100 _aCarpenter Finley
245 0 _aSystmatic application of psychology to education
260 _aNew York, USA
_bThe Macmillan Company
_c1964
300 _axviii,269p.
650 _aEducation - Psychology
_9755527
700 _a Haddan Eugene E.
_9764924
942 _cTEXL
_h370.15, CAR
999 _c1347217
_d1347217